[Event "2. Bundesliga West 2018/19"]
[Site "Tirol"]
[Date "2018.10.13"]
[Round "2"]
[Board "2"]
[White "Reich, Thomas"]
[Black "Spornberger, Maximilian"]
[Result "1/2-1/2"]
[WhiteElo "2360"]
[BlackElo "2298"]
[PlyCount "357"]
[EventDate "2018.10.12"]
[EventType "team"]
[EventRounds "11"]
[EventCountry "AUT"]
[WhiteTeam "Jenbach 2"]
[BlackTeam "Rochade Rum"]

1. c4 g6 2. d4 Bg7 3. Nc3 d6 4. e4 Nf6 5. f4 O-O 6. Nf3 c5 7. d5 a6 8. a4 e5 9.
fxe5 Ng4 10. Bg5 Qb6 11. a5 Qxb2 12. Bd2 Bh6 13. Rb1 Bxd2+ 14. Qxd2 Qxd2+ 15.
Kxd2 Nxe5 16. Nxe5 dxe5 17. Na4 Nd7 18. g4 Nf6 19. Nxc5 Bxg4 20. Bd3 Rac8 21.
Nxb7 Nxe4+ 22. Bxe4 Rxc4 23. Bg2 Rd4+ 24. Ke1 Rc8 25. h3 Bh5 26. Rb2 e4 27. Kf2
f5 28. Re1 Rxd5 29. Bf1 Rc6 30. Be2 Bxe2 31. Rexe2 Rc3 32. Re3 Rc4 33. Ree2 f4
34. Rec2 Rxc2+ 35. Rxc2 g5 36. Rc5 Rd2+ 37. Ke1 Rg2 38. Kf1 Rg3 39. Nd6 Rf3+
40. Kg2 Rg3+ 41. Kh2 h6 42. Nxe4 Ra3 43. Kg2 Kf7 44. Nf2 Ke7 45. Rc7+ Kd6 46.
Rh7 Rxa5 47. Rxh6+ Ke5 48. Kf3 Kf5 49. Rd6 Ke5 50. Rd3 Kf5 51. Rc3 Ra1 52. Rc5+
Kg6 53. Ne4 Rg1 54. Rc6+ Kh5 55. Rxa6 Rb1 56. Ra8 Rb3+ 57. Kg2 Rb4 58. Nf2 Rb3
59. Rh8+ Kg6 60. Rd8 Rg3+ 61. Kf1 Ra3 62. Rd3 Ra2 63. Kg2 Ra1 64. Rb3 Kh5 65.
Kf3 Rg1 66. Ne4 Rf1+ 67. Ke2 Rh1 68. Rb8 Rh2+ 69. Nf2 Rg2 70. Rh8+ Kg6 71. Kf1
Rg3 72. Rg8+ Kf5 73. Rd8 Ra3 74. Rd5+ Kg6 75. Kg2 Rg3+ 76. Kh2 Re3 77. Rd3 Re1
78. Kg2 Kh5 79. Rd6 Ra1 80. Re6 Ra3 81. Rd6 Ra2 82. Kf3 Ra3+ 83. Nd3 Ra1 84.
Rd8 Rh1 85. Rh8+ Kg6 86. Ne5+ Kf5 87. Ng4 Ra1 88. Rh6 Rf1+ 89. Kg2 Ra1 90. Rf6+
Ke4 91. Re6+ Kf5 92. Rf6+ Ke4 93. Nf2+ Ke5 94. Rf8 Ra3 95. Kf1 Ra2 96. Rb8 Ra5
97. Ke2 Kf5 98. Rf8+ Kg6 99. Ne4 Ra3 100. Nf2 Re3+ 101. Kf1 Ra3 102. Kg2 Rg3+
103. Kh2 Ra3 104. h4 gxh4 105. Rxf4 Kg5 106. Rb4 Ra2 107. Kg1 Ra1+ 108. Kg2 Ra3
109. Rd4 Rg3+ 110. Kh2 Ra3 111. Ne4+ Kh5 112. Rd5+ Kg4 113. Nf2+ Kf4 114. Rh5
Ra2 115. Kg2 Ke3 116. Re5+ Kf4 117. Re8 Kg5 118. Rd8 Rb2 119. Kf3 Rb3+ 120. Nd3
Ra3 121. Rd5+ Kf6 122. Kg4 Ra4+ 123. Kh3 Kg6 124. Ne1 Rf4 125. Ng2 Ra4 126. Rd3
Kg5 127. Rd5+ Kf6 128. Rb5 Rc4 129. Nxh4 Ke6 130. Nf3 Ra4 131. Kg3 Kf6 132. Nd2
Rd4 133. Nb3 Ra4 134. Kf3 Rh4 135. Nd2 Rh3+ 136. Kf4 Rh4+ 137. Ke3 Ke6 138. Ne4
Rh3+ 139. Kd4 Rh4 140. Re5+ Kf7 141. Kd5 Rf4 142. Rh5 Kg6 143. Rg5+ Kf7 144.
Ke5 Rf1 145. Nd6+ Ke7 146. Rg7+ Kf8 147. Ra7 Re1+ 148. Kf6 Rf1+ 149. Nf5 Ke8
150. Rh7 Kd8 151. Ke6 Re1+ 152. Kd5 Rd1+ 153. Nd4 Ke8 154. Rh4 Ke7 155. Rf4 Rd3
156. Rf1 Rd2 157. Ke5 Ra2 158. Nf5+ Kd7 159. Rd1+ Kc7 160. Ne3 Re2 161. Rd3 Re1
162. Ke6 Rc1 163. Nd5+ Kc6 164. Ne7+ Kc5 165. Rd5+ Kc4 166. Nc6 Rh1 167. Ne5+
Kc3 168. Rd3+ Kc2 169. Rg3 Re1 170. Kd5 Rh1 171. Nc6 Rh5+ 172. Kc4 Kb2 173. Nd4
Rh8 174. Rb3+ Kc1 175. Rf3 Ra8 176. Rf6 Kd2 177. Rf2+ Ke3 178. Re2+ Kf4 179.
Rf2+  1/2-1/2

[Event "2. Bundesliga West 2018/19"]
[Site "Tirol"]
[Date "2018.10.13"]
[Round "2"]
[Board "3"]
[White "Paltrinieri, Nicholas"]
[Black "Binder, Moriz"]
[Result "1-0"]
[WhiteElo "2277"]
[BlackElo "2234"]
[PlyCount "117"]
[EventDate "2018.10.12"]
[EventType "team"]
[EventRounds "11"]
[EventCountry "AUT"]
[WhiteTeam "Rochade Rum"]
[BlackTeam "Jenbach 2"]

1. d4 d5 2. Bf4 Nf6 3. e3 c5 4. c3 Nc6 5. Nd2 e6 6. Ngf3 Bd6 7. Bg3 O-O 8. Bd3
b6 9. e4 Be7 10. e5 Nh5 11. Ng5 Bxg5 12. Qxh5 g6 13. Qe2 f5 14. exf6 Bxf6 15.
Bb5 Ne7 16. Nf3 a6 17. Bd3 Nf5 18. Be5 Bxe5 19. Qxe5 Nh4 20. Nxh4 Qxh4 21. O-O
cxd4 22. cxd4 Qf4 23. Rac1 Qxe5 24. dxe5 Bb7 25. Rc7 Rf7 26. Rfc1 Raf8 27. f3
Rxc7 28. Rxc7 Rf7 29. Rc3 Rd7 30. a4 Kf7 31. Kf2 h6 32. Rb3 Bc6 33. Rxb6 Bxa4
34. Bxa6 Rc7 35. Rb7 Rxb7 36. Bxb7 Bb3 37. Ke3 g5 38. Bc8 Ke7 39. Kd4 h5 40. g3
h4 41. gxh4 gxh4 42. f4 Bc2 43. b4 Bf5 44. Kc5 Kd8 45. Ba6 Kd7 46. Bb5+ Kc7 47.
Be8 Kb7 48. Bh5 Kc7 49. Be8 Kd8 50. Bc6 Kc7 51. b5 Kb8 52. Bxd5 exd5 53. Kxd5
Kc7 54. e6 Bd3 55. b6+ Kxb6 56. Kd6 Bg6 57. e7 Bf7 58. f5 Kb7 59. Kd7  1-0

[Event "2. Bundesliga West 2018/19"]
[Site "Tirol"]
[Date "2018.10.13"]
[Round "2"]
[Board "4"]
[White "Fuchs, Georg"]
[Black "Moroder, Stefan"]
[Result "0-1"]
[WhiteElo "2210"]
[BlackElo "2158"]
[PlyCount "64"]
[EventDate "2018.10.12"]
[EventType "team"]
[EventRounds "11"]
[EventCountry "AUT"]
[WhiteTeam "Jenbach 2"]
[BlackTeam "Rochade Rum"]

1. e4 c5 2. Nf3 d6 3. d4 cxd4 4. Nxd4 Nf6 5. Nc3 a6 6. Bg5 e6 7. Qe2 h6 8. Bh4
Be7 9. O-O-O Nxe4 10. Nxe4 Bxh4 11. Nxe6 Bxe6 12. Nxd6+ Kf8 13. Nxf7 Bg5+ 14.
Kb1 Kxf7 15. Rxd8 Rxd8 16. Qf3+ Bf6 17. Bd3 Nc6 18. Re1 Re8 19. Re3 Rad8 20.
Qh5+ Kf8 21. Qc5+ Kg8 22. c3 Bf7 23. Qf5 Rxe3 24. fxe3 Ne5 25. Qh7+ Kf8 26. Be4
Ke7 27. h4 b5 28. Kc2 Nc4 29. Bd3 Nxe3+ 30. Kc1 g6 31. Kd2 Nc4+ 32. Ke2 Rh8  0-1

[Event "2. Bundesliga West 2018/19"]
[Site "Tirol"]
[Date "2018.10.13"]
[Round "2"]
[Board "5"]
[White "Jedinger, Andreas"]
[Black "Hoellrigl, Wilfried"]
[Result "1/2-1/2"]
[WhiteElo "2108"]
[BlackElo "2170"]
[PlyCount "64"]
[EventDate "2018.10.12"]
[EventType "team"]
[EventRounds "11"]
[EventCountry "AUT"]
[WhiteTeam "Rochade Rum"]
[BlackTeam "Jenbach 2"]

1. e4 c5 2. Nf3 Nc6 3. d4 cxd4 4. Nxd4 g6 5. c4 Bg7 6. Nc2 Nf6 7. Nc3 d6 8. Be2
Bd7 9. O-O O-O 10. Bd2 Rc8 11. f4 a6 12. b4 Ne8 13. Rb1 f5 14. b5 Nd4 15. Nxd4
Bxd4+ 16. Kh1 fxe4 17. Nxe4 Bf5 18. Bd3 Nf6 19. Qe2 Nxe4 20. Bxe4 Qd7 21. bxa6
bxa6 22. Rb7 Rc7 23. Rfb1 Be6 24. Rxc7 Qxc7 25. Bxg6 Qxc4 26. Bd3 Qd5 27. Re1
Bf7 28. Qg4+ Bg7 29. Bc3 e5 30. Qh3 h6 31. fxe5 dxe5 32. Be4 Qe6  1/2-1/2

[Event "2. Bundesliga West 2018/19"]
[Site "Tirol"]
[Date "2018.10.13"]
[Round "2"]
[Board "6"]
[White "Kondrak, Christof"]
[Black "Berchtold, Clemens"]
[Result "1/2-1/2"]
[WhiteElo "2107"]
[BlackElo "2024"]
[PlyCount "109"]
[EventDate "2018.10.12"]
[EventType "team"]
[EventRounds "11"]
[EventCountry "AUT"]
[WhiteTeam "Jenbach 2"]
[BlackTeam "Rochade Rum"]

1. d4 d5 2. Nf3 Nf6 3. c4 dxc4 4. Bf4 e6 5. Qa4+ Nc6 6. Qxc4 Bb4+ 7. Nc3 O-O 8.
a3 Bd6 9. Bg5 Be7 10. e4 Na5 11. Qa4 b6 12. b4 Bd7 13. Qc2 Nb7 14. Ba6 Bc8 15.
O-O c5 16. bxc5 bxc5 17. Rab1 Na5 18. Bxc8 Rxc8 19. e5 cxd4 20. exf6 Bxf6 21.
Bxf6 gxf6 22. Rb4 Rxc3 23. Qe4 Nc6 24. Ra4 f5 25. Qf4 Qf6 26. Nxd4 Nxd4 27.
Qxd4 Qxd4 28. Rxd4 Rxa3 29. g4 fxg4 30. Rxg4+ Kh8 31. Kh1 Rg8 32. Rf4 Kg7 33.
Rg1+ Kf8 34. Rb1 Rg7 35. Rb8+ Ke7 36. Rb7+ Kd6 37. Rd4+ Ke5 38. Rd1 Ra2 39. h3
a5 40. Re1+ Kf4 41. Rb3 Rxf2 42. Ra3 Rg5 43. Ra4+ Kf5 44. Rxa5+ Kg6 45. Ra3
Rfg2 46. Rb1 R2g3 47. Rxg3 Rxg3 48. Kh2 Rg5 49. h4 Rg4 50. Kh3 h5 51. Rb8 Kg7
52. Re8 Rg6 53. Re7 Kf6 54. Re8 Kg7 55. Re7  1/2-1/2

[Event "2. Bundesliga West 2018/19"]
[Site "6922  Wolfurt"]
[Date "2018.10.13"]
[Round "2"]
[Board "1"]
[White "Hoefelsauer, Thomas"]
[Black "Repka, Christopher"]
[Result "0-1"]
[WhiteElo "2339"]
[BlackElo "2523"]
[PlyCount "70"]
[EventDate "2018.10.12"]
[EventType "team"]
[EventRounds "11"]
[EventCountry "AUT"]
[WhiteTeam "Wolfurt"]
[BlackTeam "Bregenz"]

1. d4 e6 2. c4 Nf6 3. g3 Bb4+ 4. Bd2 c5 5. Nf3 O-O 6. Bg2 d5 7. cxd5 exd5 8.
O-O Nc6 9. Bxb4 cxb4 10. Nbd2 Bf5 11. Nb3 a5 12. Nc5 b6 13. Nd3 Qd6 14. Rc1 a4
15. Nde5 Ne7 16. Ne1 a3 17. b3 Ne4 18. Bxe4 dxe4 19. Nc4 Qf6 20. Ne3 Bh3 21.
N1g2 Rfd8 22. d5 Qg5 23. Qd4 Nxd5 24. Nxd5 Qxd5 25. Qxb4 Qd2 26. Qxb6 Qxa2 27.
Rfd1 Rdb8 28. Qe3 Qb2 29. Rb1 Rd8 30. Re1 Qd4 31. Ra1 Qxe3 32. Nxe3 a2 33. Nc4
h5 34. Rec1 Ra6 35. Rc2 Rd1+  0-1

[Event "2. Bundesliga West 2018/19"]
[Site "6922  Wolfurt"]
[Date "2018.10.13"]
[Round "2"]
[Board "2"]
[White "Nayhebaver, Martin"]
[Black "Matt, Fabian"]
[Result "1-0"]
[WhiteElo "2466"]
[BlackElo "2228"]
[PlyCount "91"]
[EventDate "2018.10.12"]
[EventType "team"]
[EventRounds "11"]
[EventCountry "AUT"]
[WhiteTeam "Bregenz"]
[BlackTeam "Wolfurt"]

1. e4 c6 2. d4 d5 3. exd5 cxd5 4. c3 Nf6 5. Bd3 Nc6 6. Bf4 Bg4 7. Qb3 Qd7 8.
Nd2 e6 9. Ngf3 Bd6 10. Bxd6 Qxd6 11. Qxb7 Rb8 12. Qa6 O-O 13. Bb5 Rb6 14. Qa4
Rfb8 15. Bxc6 Rxc6 16. Ne5 Ra6 17. Qc2 Bf5 18. Qc1 Qb6 19. Nb3 Qc7 20. Nc5 Rd6
21. O-O Ne4 22. Ned3 e5 23. Nxe4 Bxe4 24. Nxe5 Rdb6 25. f3 Bf5 26. Rf2 f6 27.
Ng4 Bxg4 28. fxg4 Re8 29. g5 Qe7 30. gxf6 Rxf6 31. Rxf6 Qxf6 32. Qd2 h6 33. Rf1
Qa6 34. Qf2 Re2 35. Qf7+ Kh7 36. Qxd5 Rxb2 37. c4 Qxa2 38. Qe4+ Kg8 39. c5 Qc4
40. Qa8+ Kh7 41. Qe4+ Kg8 42. h3 Re2 43. Qg4 Rd2 44. Rf4 Qd5 45. Re4 a5 46. Qg6
 1-0

[Event "2. Bundesliga West 2018/19"]
[Site "6922  Wolfurt"]
[Date "2018.10.13"]
[Round "2"]
[Board "3"]
[White "Donev, Ivo"]
[Black "Sergeev, Vladimir"]
[Result "1/2-1/2"]
[WhiteElo "2322"]
[BlackElo "2412"]
[PlyCount "83"]
[EventDate "2018.10.12"]
[EventType "team"]
[EventRounds "11"]
[EventCountry "AUT"]
[WhiteTeam "Wolfurt"]
[BlackTeam "Bregenz"]

1. e4 c5 2. Nc3 Nc6 3. g3 g6 4. Bg2 Bg7 5. d3 d6 6. Be3 e5 7. Qd2 Nge7 8. Bh6
O-O 9. h4 Bxh6 10. Qxh6 f6 11. Bh3 Bxh3 12. Nxh3 Nd4 13. O-O-O b5 14. Qd2 b4
15. Ne2 Nec6 16. Nxd4 Nxd4 17. Ng1 f5 18. f4 Qf6 19. exf5 Qxf5 20. Nh3 Rae8 21.
c3 bxc3 22. bxc3 Ne6 23. h5 exf4 24. hxg6 hxg6 25. Rdf1 c4 26. Nxf4 Nxf4 27.
Rxf4 Qxd3 28. Qxd3 cxd3 29. Rhh4 Rxf4 30. Rxf4 Re2 31. Rd4 Rc2+ 32. Kd1 Rxc3
33. Rxd6 Ra3 34. Rxg6+ Kf7 35. Rd6 Ke7 36. Rd4 Ke6 37. Kd2 Rxa2+ 38. Kxd3 Ra3+
39. Kc4 Rxg3 40. Kb5 Rg5+ 41. Ka4 Rc5 42. Rd1  1/2-1/2

[Event "2. Bundesliga West 2018/19"]
[Site "6922  Wolfurt"]
[Date "2018.10.13"]
[Round "2"]
[Board "4"]
[White "Dobosz, Henryk"]
[Black "Neuberger, Guido"]
[Result "1-0"]
[WhiteElo "2399"]
[BlackElo "2251"]
[PlyCount "83"]
[EventDate "2018.10.12"]
[EventType "team"]
[EventRounds "11"]
[EventCountry "AUT"]
[WhiteTeam "Bregenz"]
[BlackTeam "Wolfurt"]

1. d4 d5 2. c4 c6 3. Nc3 Nf6 4. Nf3 e6 5. Bg5 dxc4 6. e4 b5 7. e5 h6 8. Bh4 g5
9. Nxg5 hxg5 10. Bxg5 Nbd7 11. exf6 Bb7 12. g3 c5 13. d5 Qb6 14. Bg2 O-O-O 15.
O-O b4 16. Rb1 Qa5 17. dxe6 Bxg2 18. Kxg2 fxe6 19. f7 bxc3 20. bxc3 Qc7 21. Qf3
Bd6 22. Bxd8 Rxd8 23. Qa8+ Nb8 24. Rfd1 Kd7 25. Rb7 Nc6 26. Rxc7+ Kxc7 27.
Qxd8+ Nxd8 28. Rxd6 Nxf7 29. Rxe6 Kd7 30. Ra6 Ng5 31. f3 Ne6 32. Rxa7+ Kc8 33.
Re7 Nd4 34. cxd4 c3 35. dxc5 c2 36. Re1 Kc7 37. h4 Kc6 38. h5 Kxc5 39. h6 Kc4
40. h7 c1=Q 41. Rxc1+ Kd3 42. h8=Q  1-0

[Event "2. Bundesliga West 2018/19"]
[Site "6922  Wolfurt"]
[Date "2018.10.13"]
[Round "2"]
[Board "5"]
[White "Wagner, Leopold Franziskus"]
[Black "Bezler, Rainer"]
[Result "0-1"]
[WhiteElo "1941"]
[BlackElo "2207"]
[PlyCount "146"]
[EventDate "2018.10.12"]
[EventType "team"]
[EventRounds "11"]
[EventCountry "AUT"]
[WhiteTeam "Wolfurt"]
[BlackTeam "Bregenz"]

1. e4 c5 2. Nf3 d6 3. d4 cxd4 4. Nxd4 Nf6 5. f3 a6 6. c4 e6 7. Nc3 Be7 8. Be3
b6 9. Be2 Bb7 10. O-O O-O 11. Qd2 Nbd7 12. Rfd1 Qc7 13. a4 Rfd8 14. Qe1 Rac8
15. Qg3 Bf8 16. Rac1 Qb8 17. Rc2 Kh8 18. Rcd2 Ne5 19. b3 Ned7 20. Bd3 Re8 21.
Nde2 Nc5 22. Bc2 Ncd7 23. Qf2 Bc6 24. Kh1 Kg8 25. Bd4 Be7 26. Ng3 Bf8 27. Qe2
Qb7 28. Na2 b5 29. cxb5 axb5 30. a5 e5 31. Bb2 d5 32. exd5 Nxd5 33. Qd3 g6 34.
Ne4 f5 35. Nec3 Nc5 36. Qe2 Nf4 37. Qf1 b4 38. Nb1 Bd5 39. Qf2 Nd7 40. Qg3 Bg7
41. Qf2 Bc6 42. a6 Qb5 43. Qf1 Qa5 44. Nc1 Bb5 45. Qf2 Nc5 46. g3 Nfe6 47. Rd6
Bxa6 48. Nd2 Rcd8 49. Nc4 Bxc4 50. bxc4 Nd4 51. Rxd8 Rxd8 52. Bxd4 exd4 53. Nb3
Qc7 54. Nxc5 Qxc5 55. Qe2 Qd6 56. Kg2 Kf8 57. c5 Qxc5 58. Bb3 Re8 59. Qa6 Qe7
60. Rd2 Bf6 61. h4 Kg7 62. h5 Qe3 63. h6+ Kxh6 64. Rf2 Kg7 65. Bc4 Qe7 66. Rd2
Qd7 67. Rf2 Qc7 68. Qb5 Rd8 69. Qxb4 d3 70. Rd2 Rd4 71. Rxd3 Qxc4 72. Qb7+ Kh6
73. Re3 Rd2+  0-1

[Event "2. Bundesliga West 2018/19"]
[Site "6922  Wolfurt"]
[Date "2018.10.13"]
[Round "2"]
[Board "6"]
[White "Ciolek, Andreas"]
[Black "Kalcher, Mathias"]
[Result "1-0"]
[WhiteElo "2247"]
[BlackElo "2070"]
[PlyCount "90"]
[EventDate "2018.10.12"]
[EventType "team"]
[EventRounds "11"]
[EventCountry "AUT"]
[WhiteTeam "Bregenz"]
[BlackTeam "Wolfurt"]

1. e4 c5 2. Nf3 e6 3. d3 b5 4. g3 Bb7 5. Bg2 d6 6. O-O Nf6 7. c3 Nbd7 8. Re1 c4
9. dxc4 bxc4 10. Nbd2 Nb6 11. Nxc4 Bxe4 12. Bg5 d5 13. Nxb6 axb6 14. Qb3 Be7
15. Ne5 Bxg2 16. Qb5+ Kf8 17. Kxg2 Ra5 18. Qe2 Qc7 19. Bf4 Bd6 20. Nxf7 Bxf4
21. Nxh8 Ne4 22. gxf4 Qxf4 23. Qf3 Qxf3+ 24. Kxf3 Ke7 25. Ke3 Kf6 26. a4 Ra8
27. f3 Nd6 28. b3 Rxh8 29. a5 bxa5 30. Rxa5 Rb8 31. Ra3 Rb6 32. Kd3 Kf5 33. b4
g5 34. Ra8 Nf7 35. Rf8 Kg6 36. Kd4 Rc6 37. b5 e5+ 38. Kxd5 Rxc3 39. b6 Rb3 40.
Kc6 Rc3+ 41. Kd5 Rb3 42. Rb8 Rxf3 43. Rg8+ Kf6 44. b7 Rd3+ 45. Kc5 Rc3+  1-0

[Event "2. Bundesliga West 2018/19"]
[Site "6922  Wolfurt"]
[Date "2018.10.13"]
[Round "2"]
[Board "1"]
[White "Breneis, Lukas"]
[Black "Berchtenbreiter, Maximilian"]
[Result "0-1"]
[WhiteElo "2192"]
[BlackElo "2426"]
[PlyCount "88"]
[EventDate "2018.10.12"]
[EventType "team"]
[EventRounds "11"]
[EventCountry "AUT"]
[WhiteTeam "SPG Oberland"]
[BlackTeam "Hohenems II"]

1. c4 g6 2. Nc3 Bg7 3. d4 c5 4. d5 Bxc3+ 5. bxc3 f5 6. e4 fxe4 7. f3 exf3 8.
Nxf3 d6 9. Bd3 Bg4 10. Qc2 Bxf3 11. gxf3 Nd7 12. Bxg6+ Kf8 13. Bxh7 e6 14. Bxg8
Qh4+ 15. Qf2 Kxg8 16. Qxh4 Rxh4 17. Bg5 Rxc4 18. dxe6 Re8 19. e7 Rxc3 20. O-O
d5 21. Rae1 Kf7 22. f4 Nf6 23. Re5 Rxe7 24. Rf5 Re6 25. Bxf6 Rxf6 26. Rxd5 Ke6
27. Rg5 b6 28. Rf2 Rc4 29. Rg4 Kf5 30. h3 Rc3 31. Rg5+ Ke4 32. Re5+ Kd4 33. Re7
a5 34. Rh7 c4 35. f5 Rg3+ 36. Kh2 Re3 37. Rg7 c3 38. Rg6 Ke5 39. h4 Rxf5 40.
Rxf5+ Kxf5 41. Rxb6 Re6 42. Rb1 c2 43. Rc1 Rc6 44. Kg3 Ke4  0-1

[Event "2. Bundesliga West 2018/19"]
[Site "6922  Wolfurt"]
[Date "2018.10.13"]
[Round "2"]
[Board "2"]
[White "Novkovic, Milan"]
[Black "Schnegg, Anna-Lena"]
[Result "1-0"]
[WhiteElo "2359"]
[BlackElo "2184"]
[PlyCount "159"]
[EventDate "2018.10.12"]
[EventType "team"]
[EventRounds "11"]
[EventCountry "AUT"]
[WhiteTeam "Hohenems II"]
[BlackTeam "SPG Oberland"]

1. d4 d6 2. Nf3 g6 3. c4 Bg7 4. Nc3 e6 5. e4 Ne7 6. Be2 O-O 7. O-O b6 8. Be3
Nd7 9. Qc2 e5 10. Rad1 Nc6 11. dxe5 Ndxe5 12. Nxe5 Nxe5 13. Qd2 Be6 14. b3 Ng4
15. Bd4 Bh6 16. f4 Qh4 17. Bxg4 Bxg4 18. Nd5 f5 19. Rde1 c6 20. Bb2 Rf7 21. Nb4
fxe4 22. Nxc6 Bd7 23. g3 Qh3 24. Qxd6 Bf8 25. Qd5 Bxc6 26. Qxc6 Rd8 27. Bc1
Bc5+ 28. Kh1 Re7 29. Qf6 Rf8 30. Qb2 e3 31. b4 e2 32. Rf3 Qg4 33. Kg2 Bd6 34.
Rxe2 Bxb4 35. Rxe7 Bxe7 36. Qe2 Bf6 37. Re3 Qxe2+ 38. Rxe2 Rc8 39. Rc2 Bd4 40.
Kf3 b5 41. Be3 Bxe3 42. Kxe3 bxc4 43. Kd4 Kf7 44. Rxc4 Rd8+ 45. Ke3 Rd7 46. Ra4
Ke6 47. Kf3 h5 48. Ke4 Re7 49. Ra6+ Kf7+ 50. Kf3 Rc7 51. Kg2 Kg7 52. Kh3 Kf7
53. a4 Kg7 54. a5 Rd7 55. Kh4 Rf7 56. h3 Kh6 57. Rc6 Kg7 58. a6 Kh6 59. Rd6 Kg7
60. Rd4 Kf6 61. g4 hxg4 62. hxg4 Rh7+ 63. Kg3 g5 64. f5 Ke5 65. Rd8 Rc7 66.
Re8+ Kd4 67. Rg8 Rc3+ 68. Kg2 Rc2+ 69. Kf3 Rc3+ 70. Ke2 Rc2+ 71. Kd1 Ra2 72.
Rxg5 Rxa6 73. Rg6 Ra2 74. f6 Rf2 75. g5 Ke5 76. Rg7 a5 77. f7 a4 78. g6 a3 79.
Rg8 Ke6 80. f8=Q  1-0

[Event "2. Bundesliga West 2018/19"]
[Site "6922  Wolfurt"]
[Date "2018.10.13"]
[Round "2"]
[Board "3"]
[White "Schnegg, Daniel"]
[Black "Georgescu, Lena"]
[Result "1-0"]
[WhiteElo "2117"]
[BlackElo "2195"]
[PlyCount "71"]
[EventDate "2018.10.12"]
[EventType "team"]
[EventRounds "11"]
[EventCountry "AUT"]
[WhiteTeam "SPG Oberland"]
[BlackTeam "Hohenems II"]

1. f4 d5 2. b3 Nf6 3. Bb2 c5 4. e3 Nc6 5. Nf3 Bg4 6. Bb5 Qb6 7. Bxc6+ Qxc6 8.
O-O e6 9. Qe1 Qc7 10. Ne5 h5 11. d3 Bd6 12. Nd2 O-O-O 13. e4 h4 14. Nxg4 Nxg4
15. h3 Nh6 16. Qxh4 dxe4 17. Nxe4 Be7 18. Qf2 Nf5 19. Be5 Qc6 20. a3 f6 21. Bc3
Rhg8 22. b4 g5 23. Bxf6 Bxf6 24. Nxf6 gxf4 25. Nxg8 Rxg8 26. g4 Ne3 27. Qf3 Qd7
28. Qxf4 Nxf1 29. Rxf1 cxb4 30. Qxb4 b6 31. Rf8+ Rxf8 32. Qxf8+ Kb7 33. Qf4 Qg7
34. g5 Qa1+ 35. Kg2 Qd1 36. Qf3+  1-0

[Event "2. Bundesliga West 2018/19"]
[Site "6922  Wolfurt"]
[Date "2018.10.13"]
[Round "2"]
[Board "4"]
[White "Hofer, Emilian"]
[Black "Moritz, Christian"]
[Result "1-0"]
[WhiteElo "2208"]
[BlackElo "2100"]
[PlyCount "81"]
[EventDate "2018.10.12"]
[EventType "team"]
[EventRounds "11"]
[EventCountry "AUT"]
[WhiteTeam "Hohenems II"]
[BlackTeam "SPG Oberland"]

1. e4 e6 2. d4 d5 3. Nd2 Nf6 4. e5 Nfd7 5. c3 c5 6. Bd3 Nc6 7. Ne2 cxd4 8. cxd4
f6 9. exf6 Nxf6 10. Nf3 Bd6 11. O-O Qc7 12. Bg5 O-O 13. Bh4 Nh5 14. Nc3 a6 15.
Rc1 g6 16. Na4 Qg7 17. Nb6 Rb8 18. Bxa6 Nb4 19. Bb5 Nxa2 20. Rxc8 Rbxc8 21.
Nxc8 Rxc8 22. Qa4 Nc1 23. Bd7 Ne2+ 24. Kh1 Rf8 25. Bxe6+ Kh8 26. Bxd5 h6 27.
Qc4 Nef4 28. Bg3 g5 29. Re1 Rd8 30. Qb5 Nf6 31. Bb3 Qc7 32. Bxf4 Bxf4 33. Qf5
Qg7 34. Ne5 Bxe5 35. dxe5 Nh5 36. g3 Rf8 37. Qc2 b5 38. Kg1 Nf4 39. gxf4 gxf4+
40. Kh1 Qg4 41. Qe4  1-0

[Event "2. Bundesliga West 2018/19"]
[Site "6922  Wolfurt"]
[Date "2018.10.13"]
[Round "2"]
[Board "5"]
[White "Pali, Philipp"]
[Black "Kranzl, Julian"]
[Result "0-1"]
[WhiteElo "2071"]
[BlackElo "2203"]
[PlyCount "114"]
[EventDate "2018.10.12"]
[EventType "team"]
[EventRounds "11"]
[EventCountry "AUT"]
[WhiteTeam "SPG Oberland"]
[BlackTeam "Hohenems II"]

1. c4 e5 2. Nc3 Nf6 3. g3 d6 4. Bg2 Be7 5. e3 c6 6. d4 Nbd7 7. Nge2 O-O 8. b3
Re8 9. O-O Bf8 10. Qc2 Qe7 11. d5 cxd5 12. Nxd5 Nxd5 13. Bxd5 e4 14. Nc3 Nf6
15. f4 Bg4 16. Bb2 Rac8 17. Qd2 Qd7 18. Qd4 Bf3 19. Rxf3 exf3 20. Bxf3 d5 21.
Nxd5 Nxd5 22. Bxd5 b5 23. Rd1 Qg4 24. Re1 Bc5 25. Qd3 bxc4 26. bxc4 h5 27. Kg2
Rb8 28. Bc3 h4 29. Bxf7+ Kxf7 30. Qd5+ Qe6 31. Qxc5 Qe4+ 32. Kg1 Rb1 33. Qxa7+
Re7 34. Qc5 h3 35. Qd5+ Qxd5 36. cxd5 Rxe1+ 37. Bxe1 Rxe3 38. Bb4 Re2 39. a4
Rg2+ 40. Kh1 Rb2 41. Bc5 Ra2 42. Bg1 Ra1 43. g4 Rxa4 44. g5 g6 45. Be3 Ra1+ 46.
Bg1 Rd1 47. d6 Rxd6 48. Bc5 Rd1+ 49. Bg1 Kg7 50. f5 gxf5 51. g6 Rd2 52. Be3 Rg2
53. Bh6+ Kxg6 54. Be3 Kh5 55. Ba7 Kg4 56. Bc5 Kf3 57. Be3 Rxh2+  0-1

[Event "2. Bundesliga West 2018/19"]
[Site "6922  Wolfurt"]
[Date "2018.10.13"]
[Round "2"]
[Board "6"]
[White "Uhlmann, David"]
[Black "Schnegg, Karin"]
[Result "1/2-1/2"]
[WhiteElo "2150"]
[BlackElo "2067"]
[PlyCount "80"]
[EventDate "2018.10.12"]
[EventType "team"]
[EventRounds "11"]
[EventCountry "AUT"]
[WhiteTeam "Hohenems II"]
[BlackTeam "SPG Oberland"]

1. d4 g6 2. e4 Bg7 3. c4 c5 4. d5 d6 5. Bd3 e6 6. Nf3 exd5 7. exd5 Ne7 8. O-O
O-O 9. h3 Bf5 10. Nc3 Nd7 11. Bf4 Ne5 12. Be2 h6 13. g4 Nxf3+ 14. Bxf3 g5 15.
Bg3 Bh7 16. Nb5 Nc8 17. Qd2 a6 18. Nc3 Nb6 19. Be2 f5 20. gxf5 Bxf5 21. Kg2 Qd7
22. Rh1 Rae8 23. Rae1 Be5 24. Bd3 Qf7 25. Rhf1 Qd7 26. Rh1 Qf7 27. Rhf1 Bxg3
28. fxg3 Rxe1 29. Qxe1 Qd7 30. Bxf5 Rxf5 31. Rxf5 Qxf5 32. Qe8+ Kg7 33. Qe7+
Qf7 34. Qxd6 Nxc4 35. Qxc5 b5 36. d6 Qb7+ 37. Nd5 Ne3+ 38. Qxe3 Qxd5+ 39. Qf3
Qxd6 40. Qc3+ Kg6  1/2-1/2

[Event "2. Bundesliga West 2018/19"]
[Site "5202 Neumarkt am Wallersee"]
[Date "2018.10.13"]
[Round "2"]
[Board "1"]
[White "Bensch, Patrick"]
[Black "Frank, Emanuel"]
[Result "0-1"]
[WhiteElo "2168"]
[BlackElo "2175"]
[PlyCount "98"]
[EventDate "2018.10.12"]
[EventType "team"]
[EventRounds "11"]
[EventCountry "AUT"]
[WhiteTeam "Ranshofen"]
[BlackTeam "ASK Salzburg"]

1. e4 e5 2. Nf3 Nc6 3. Bb5 a6 4. Ba4 Nf6 5. O-O Be7 6. Re1 b5 7. Bb3 d6 8. c3
O-O 9. h3 Na5 10. Bc2 c5 11. d4 Qc7 12. Nbd2 cxd4 13. cxd4 Nc6 14. Nb3 a5 15.
Be3 a4 16. Nbd2 Bd7 17. Rc1 Qb7 18. a3 Rfe8 19. Bd3 Bd8 20. b4 exd4 21. Nxd4
Ne5 22. Bb1 Bb6 23. Qe2 Ba7 24. f4 Nc4 25. Nxc4 bxc4 26. Bf2 d5 27. e5 g6 28.
Qf3 Nh5 29. g4 Ng7 30. f5 Rac8 31. e6 fxe6 32. f6 Rf8 33. g5 Rf7 34. Qg3 Nh5
35. Qf3 Qa6 36. b5 Qd6 37. Kh1 Re8 38. Nc6 Bxf2 39. Qxf2 Bxc6 40. bxc6 Qxc6 41.
Re5 Qd6 42. Rce1 Qxa3 43. Kg2 Qd6 44. Qd4 Rb7 45. Rf1 Kf7 46. Bc2 Qb6 47. Qxb6
Rxb6 48. Bxa4 Ra8 49. Bd7 Ra7  0-1

[Event "2. Bundesliga West 2018/19"]
[Site "5202 Neumarkt am Wallersee"]
[Date "2018.10.13"]
[Round "2"]
[Board "2"]
[White "Burschowsky, Matthias"]
[Black "Kuecher, Wolfgang"]
[Result "1/2-1/2"]
[WhiteElo "2227"]
[BlackElo "2124"]
[PlyCount "76"]
[EventDate "2018.10.12"]
[EventType "team"]
[EventRounds "11"]
[EventCountry "AUT"]
[WhiteTeam "ASK Salzburg"]
[BlackTeam "Ranshofen"]

1. c4 e5 2. g3 g6 3. Bg2 Bg7 4. Nc3 Ne7 5. e3 Nbc6 6. Nge2 O-O 7. O-O d6 8. d3
Be6 9. Nd5 f5 10. Rb1 a5 11. a3 g5 12. f4 exf4 13. exf4 g4 14. Be3 Bf7 15. d4
Nxd5 16. cxd5 Nb8 17. Qc2 Re8 18. Bf2 Nd7 19. Rfe1 Nf6 20. Rbc1 Ne4 21. Bxe4
Rxe4 22. Nc3 Rxe1+ 23. Rxe1 Qd7 24. Qd3 Re8 25. Rxe8+ Bxe8 26. a4 Bf7 27. Qb1
h5 28. b4 axb4 29. Qxb4 c6 30. Qa5 Kh7 31. Kg2 cxd5 32. Nb5 Qe7 33. Kg1 Be8 34.
Nc3 Bc6 35. Qb4 h4 36. gxh4 Bh6 37. Qb1 Qe6 38. Qc1 Kg6  1/2-1/2